Statistiken für IATA 3 letter codes (Weltweit)

Klicken Sie hier um das Quiz zu spielen!

Allgemein

  • Dieses Quiz wurde 79 mal gespielt
  • Das Durchschnittsergebnis liegt bei 38 aus 80

Antwortstatistiken

HintAntwort% Korrekt
HelsinkiHEL
95%
Berlin BrandeburgBER
93%
SydneySYD
92%
Köln-BonnCGN
88%
LuxemburgLUX
88%
IstanbulIST
87%
MiamiMIA
87%
AtlantaATL
85%
DohaDOH
85%
New York (John F. Kennedy)JFK
85%
Amsterdam SchipholAMS
83%
Frankfurt MainFRA
82%
Los AngelesLAX
82%
Mexico CityMEX
82%
Paris Charles de GaulleCDG
80%
HamburgHAM
80%
Dallas Fort WorthDFW
78%
London HeathrowLHR
78%
OsloOSL
78%
DelhiDEL
77%
SeattleSEA
75%
DubaiDXB
73%
Singapore ChangiSIN
73%
BogotáBOG
68%
DenverDEN
68%
Madrid BarajasMAD
68%
ZürichZRH
68%
AccraACC
65%
LimaLIM
65%
KopenhagenCPH
63%
MemphisMEM
62%
AlgierALG
60%
San FranciscoSFO
58%
Leipzig/HalleLEJ
57%
WarschauWAW
57%
Tokyo HanedaHND
55%
BeijingPEK
55%
Kairo InternationalCAI
53%
HyderabadHYD
53%
AnchorageANC
52%
KapstadtCPT
52%
AsunciónASU
47%
MumbaiBOM
42%
NewarkEWR
38%
HongkongHGK
37%
Toronto-PearsonYYZ
35%
Abu DhabiAUH
33%
JohannesburgJNB
33%
Kuala LumpurKUL
33%
São PauloGRU
32%
NairobiNBO
32%
Chicago O´HareORD
32%
IncheonICN
30%
TaipehTPE
28%
Fort LauderdaleFLL
25%
Buenos AiresEZE
23%
HoustonIAH
22%
Rio de Janeiro–Antônio Carlos JobimGIG
20%
HangzhouHGH
20%
Shanghai PudongPVG
20%
Montreal-TrudeauYUL
20%
VancouverYVR
20%
KunmingKMG
17%
LüttichLGG
17%
ChennaiMAA
17%
Santiago de ChileSCL
17%
BangaloreBLR
13%
KalkuttaCCU
13%
HalifaxYHZ
13%
São Paulo (Congonhas)CGH
12%
Kansai InternationalKIX
12%
QuitoUIO
12%
DhakaDAC
10%
LouisvilleSDF
10%
ShenzhenSZX
8%
ChongqingCKG
7%
CochinCOK
7%
ChengduCTU
7%
TahitiPPT
7%
ThiruvananthapuramTRV
5%

Verteilung der Resultate

Perzentil nach korrekt beantworteten Fragen

Anzahl Personen mit jedem Resultat

Ihre Resultats-Entwicklung

Sie haben dieses Quiz noch nicht gespielt